|
|
|
|
| LEADER |
00000nkm a2200000 a 4500 |
| 001 |
vtls011844348 |
| 003 |
SK-MaSNL |
| 005 |
20260512122353.0 |
| 007 |
kp bo |
| 008 |
230718q1922 xo g kuslo |
| 015 |
|
|
|a SNBG
|
| 035 |
|
|
|a urn:nbn:sk:snk-km00dvu9
|
| 035 |
|
|
|a urn:nbn:sk:snk-km3ls7w
|
| 035 |
|
|
|a 277BC95E-90CA-4564-815F-F1A5EF400570
|
| 040 |
|
|
|a SNK
|b slo
|c SNK
|e AACR2
|
| 041 |
0 |
|
|a slo
|
| 043 |
|
|
|a e-xo---
|
| 044 |
|
|
|a xo
|c SK
|
| 072 |
|
7 |
|a 913
|x Regionálna geografia
|2 konspekt
|
| 080 |
|
|
|a 913(437.6)
|2 2011
|
| 080 |
|
|
|a 726:27-523.42
|2 2011
|
| 080 |
|
|
|a (084.121)
|2 2011
|
| 080 |
|
|
|a 711.73
|2 2011
|
| 080 |
|
|
|a 725
|2 2011
|
| 245 |
0 |
0 |
|a Kysucké Nové Mesto
|h grafika
|b Štefanikovo namestie
|
| 260 |
|
|
|a Lipt. Sv. Mikuláš
|b Lumen
|c [medzi 1922 a 1941?]
|
| 300 |
|
|
|a 1 pohľadnica
|b čiernobiela
|c 10 x 14 cm
|
| 500 |
|
|
|a Názvové údaje prevzaté z obrazovej časti pohľadnice
|
| 500 |
|
|
|a Číslo záberu 3713
|
| 500 |
|
|
|a Na pohľadnici uvedené: "Pravá fotografia. Reprodukčné právo je vyhradené."
|
| 520 |
8 |
|
|a Zobrazenie: Pohľad v bielom orámovaní na ulicu s radom budov sprava. Vpravo vidno poschodovú nárožnú budovu, vľavo v pozadí má nápis "predaj tabaku". Pred vchodom do budovy na jej rohu vidno troch chlapcov. Vľavo v pozadí za budovou rastú listnaté stromy. Vľavo v pozaí vidno rad hustých vysokých listnatých stromov. Uprostred ulice vidno v pozadí tri potavy. Vpravo v pozadí vidno pred budovami listnaté stromy. Vpravo v pozadí za budvoami vidno vyčnievať vežu kostola
|
| 650 |
0 |
7 |
|a kostoly
|2 SNKPH
|9 3023
|
| 650 |
0 |
7 |
|a ulice
|2 SNKPH
|9 2938
|
| 650 |
0 |
7 |
|a obchody
|2 SNKPH
|9 3004
|
| 651 |
|
7 |
|a Kysucké Nové Mesto (Slovensko)
|2 SNKPHgeo
|9 39632
|
| 655 |
|
7 |
|a miestne pohľadnice
|2 SNKPH
|9 70510
|
| 752 |
|
|
|a Slovensko
|d Liptovský Mikuláš
|
| 852 |
|
|
|a Slovenská národná knižnica
|
| 954 |
|
|
|a pohľadnice pôvodné (slovenské)
|2 lita
|
| 958 |
|
|
|a OND
|
| 958 |
|
|
|a GBN
|
| 958 |
|
|
|a GC
|
| 958 |
|
|
|a EUIPO
|
| 999 |
|
|
|c 601809
|d 603739
|
| 952 |
|
|
|a SNK
|b SNK
|y PREZ
|7 0
|p 17A1285543
|o snkSP 61458
|z Pohľandica prešla poštou.
|0 0
|1 0
|4 0
|d 2019-03-06
|f 1
|l 0
|r 2026-02-23 15:57:17
|w 2026-02-23
|